[Event "It (cat.4)"]
[Site "masterchessopen.com - Odivelas (Portugal)"]
[Round "1"]
[White "Guerra Victor (POR)"]
[Black "Pinho Paulo (POR)"]
[Result "1-0"]
[WhiteElo "2156"]
[BlackElo "2213"]

1.d4 f5 2.c4 Nf6 3.g3 g6 4.Nc3 Bg7 5.Bg2 O-O 6.b3 d6 7.Nf3 e5 8.dxe5 dxe5
9.Ba3 Qxd1+ 10.Rxd1 Re8 11.e4 fxe4 12.Ng5 Bg4 13.Ngxe4 Nxe4 14.Bxe4 Bxd1
15.Bxb7 Bg4 16.Bxa8 e4 17.Kd2 Bf3 18.Bd5+ Kh8 19.Re1 c6 20.Bf7 Rd8+ 21.Kc2 Bd4
22.Nxe4 c5 23.Bd5 Re8 24.Bb2 Na6 25.Nxc5 Nb4+ 26.Kd2 {#r} 1-0

[Event "It (open)"]
[Site "masterchessopen.com - Reykjavik (Iceland)"]
[Round "3"]
[White "Johannesson Ingvar Thor (ISL)"]
[Black "Schnabel Ralf (GER)"]
[Result "0-1"]
[WhiteElo "2333"]
[BlackElo "2243"]

1.d4 f5 2.c4 Nf6 3.g3 g6 4.Bg2 Bg7 5.Nh3 c6 6.Nd2 d6 7.d5 O-O 8.Nf4 g5 9.Nd3
e5 10.dxe6 Bxe6 11.h4 h6 12.hxg5 hxg5 13.Nf3 Ne4 14.Qb3 b5 15.Nd2 Nd7 16.Nxe4
fxe4 17.Nb4 bxc4 18.Qe3 d5 19.Nxc6 Qf6 20.Rb1 Rfc8 21.Nb4 Rab8 22.Nc2 Nc5
23.Rh5 g4 24.Rg5 c3 25.b3 Kf7 26.Rxg7+ Kxg7 27.Ba3 Nd7 28.Rd1 Rb6 29.Rd4 Ra6
30.Qc1 Ne5 31.Bf1 Nc6 32.Rd1 d4 33.Bd6 Rxa2 {#R} 0-1

[Event "It (open)"]
[Site "masterchessopen.com - San Feliu de Guixols (Spain)"]
[Round "2"]
[White "Garcia Bosch Orlando (ESP)"]
[Black "Martin Tarrio David (ESP)"]
[Result "1-0"]
[WhiteElo "2131"]
[BlackElo "2128"]

1.d4 f5 2.c4 Nf6 3.g3 g6 4.Bg2 Bg7 5.Nc3 c6 6.Nh3 d6 7.d5 e5 8.dxe6 Bxe6 9.Bf4
Bxc4 10.Bxd6 Nd5 11.Nxd5 Qxd6 12.Nc3 Bxc3+ 13.bxc3 Qxd1+ 14.Kxd1 Na6 15.Nf4
O-O-O+ 16.Kc2 g5 17.Nd3 Rhe8 18.Bf1 Re7 19.f4 Bd5 20.Rg1 gxf4 21.gxf4 Be4
22.Kb2 Nc7 23.Bh3 Nd5 24.Rg5 Kb8 25.Bxf5 Bxf5 26.Rxf5 Rxe2+ 27.Kb3 Ne3 28.Nc1
Rxh2 29.Re5 Ng4 30.Re7 h5 31.Ne2 Rd2 32.Nd4 Rb2+ 33.Ka3 Nf6 34.Ne6 Kc8 35.Nc5
{#r} 1-0

[Event "Ch Sweden (team) 2000/01"]
[Site "masterchessopen.com - Sweden"]
[Round "1"]
[White "Malmstig Erik (SWE)"]
[Black "Ong Kevin (SWE)"]
[Result "1-0"]
[WhiteElo "2270"]
[BlackElo "2069"]

1.d4 f5 2.g3 Nf6 3.c4 g6 4.Bg2 Bg7 5.Nc3 O-O 6.Nh3 Nc6 7.O-O Ng4 8.d5 Nce5
9.Qb3 Nf7 10.Rd1 Nf6 11.c5 d6 12.Na4 Ne4 13.Be3 c6 14.Nf4 cxd5 15.Qxd5 dxc5
16.Bxe4 fxe4 17.Bxc5 Qa5 18.Qb3 Re8 19.Rac1 e6 20.Be3 b6 21.Nc3 Qf5 22.Nb5 Re7
23.Rc7 Rxc7 24.Nxc7 Rb8 25.Ncxe6 Bxe6 26.Nxe6 Bxb2 27.Rd7 Bf6 28.Rxf7 {#r} 1-0

[Event "It (open)"]
[Site "masterchessopen.com - Imperia (Italy)"]
[Date "2000.09.09"]
[Round "8"]
[White "Van Hoolandt Patrick (MNC)"]
[Black "Bibik Jura (RUS)"]
[Result "1-0"]
[WhiteElo "2169"]
[BlackElo "2268"]

1.c4 f5 2.d4 Nf6 3.g3 g6 4.Bg2 Bg7 5.Nc3 O-O 6.Nf3 d6 7.d5 h6 8.Nd4 Na6 9.O-O
Qe8 10.b3 Nc5 11.Qc2 a5 12.Ba3 Nfe4 13.Nxe4 Nxe4 14.Rad1 Ng5 15.h4 Nh7 16.c5
g5 17.hxg5 hxg5 18.Ne6 Bxe6 19.dxe6 Rb8 20.Rd5 Qg6 21.cxd6 cxd6 22.Rxa5 b5
23.Qd3 Qh5 24.Rxb5 Rxb5 25.Qxb5 f4 26.Bxd6 exd6 27.e7 Re8 28.g4 {#r} 1-0

[Event "Ch Belgium (team) 2000/01"]
[Site "masterchessopen.com - Belgium"]
[Round "8"]
[White "Ait Messaoud Aziz (BEL)"]
[Black "Thirion Marcel (BEL)"]
[Result "1-0"]
[WhiteElo "2175"]
[BlackElo "2200"]

1.d4 f5 2.c4 Nf6 3.g3 g6 4.Bg2 Bg7 5.Nc3 O-O 6.Nh3 d6 7.d5 Na6 8.O-O Nc5 9.Nf4
e5 10.dxe6 c6 11.Qc2 Qe7 12.h4 Nxe6 13.Nxe6 Bxe6 14.b3 Rad8 15.Bg5 h6 16.Be3
Ng4 17.Bxa7 b5 18.Bb6 Rb8 19.cxb5 Rxb6 20.bxc6 Qa7 21.Rad1 Bxc3 22.Qxc3 Qxa2
23.Rxd6 Qxb3 24.Qxb3 Bxb3 25.Rb1 Ne5 26.Rxb3 Rxb3 27.Bd5+ Kg7 28.Bxb3 Rb8
29.Bd5 Rb1+ 30.Kg2 Rd1 31.c7 Rc1 32.Bc6 Nf7 33.c8=Q Nxd6 34.Qd7+ {#r} 1-0

[Event "It"]
[Site "masterchessopen.com - San Antonio de Padua (Argentina)"]
[Round "2"]
[White "Cabrera Pando Ramiro (ARG)"]
[Black "Contessotto Enrique (ARG)"]
[Result "0-1"]
[WhiteElo "2106"]
[BlackElo "2112"]

1.d4 f5 2.c4 Nf6 3.g3 g6 4.Bg2 Bg7 5.Nh3 O-O 6.O-O d6 7.d5 Na6 8.Nf4 e5 9.dxe6
c6 10.h4 Nc7 11.Nc3 Nxe6 12.h5 Nxh5 13.Nxh5 gxh5 14.e4 f4 15.Qxh5 fxg3 16.f4
Bd4+ 17.Kh1 Ng7 18.Qg5 Qxg5 19.fxg5 Bg4 20.Bf4 Rad8 21.Bxg3 Be5 22.Bxe5 dxe5
23.Rxf8+ Rxf8 24.Nd1 Ne6 25.Ne3 Rf4 26.Nxg4 Rxg4 27.Rd1 Nd4 28.b4 Rxg5 29.Kh2
Kf7 30.a4 Ke7 31.c5 Ne2 32.Rd2 Rh5+ {#R} 0-1

[Event "It (cat.12)"]
[Site "masterchessopen.com - Solin/Split (Croatia)"]
[Round "4"]
[White "Kurajica Bojan (CRO)"]
[Black "Kovacevic Vlatko (CRO)"]
[Result "1-0"]
[WhiteElo "2542"]
[BlackElo "2499"]

1.c4 f5 2.g3 Nf6 3.d4 g6 4.Bg2 Bg7 5.Nh3 d6 6.Nc3 c6 7.d5 e5 8.dxc6 bxc6 9.O-O
O-O 10.Qa4 Qe7 11.Rd1 Rd8 12.b4 e4 13.b5 Bb7 14.Rb1 h6 15.Qa5 Rd7 16.Ba3 a6
17.bxc6 Nxc6 18.Qb6 Qe5 19.Nd5 Nxd5 20.cxd5 Nd8 21.Nf4 Kh7 22.h4 Qe7 23.h5
gxh5 24.Bh3 Qf8 25.Ne6 Qf7 26.Nxg7 Kxg7 27.Bxd6 Bxd5 28.Qd4+ {#r} 1-0

[Event "Ch Germany (juniors) (under 16)"]
[Site "masterchessopen.com - Willingen (Germany)"]
[Round "8"]
[White "Fehsenfeld Frithjof (GER)"]
[Black "Lowitz Torsten (GER)"]
[Result "1-0"]
[WhiteElo "2123"]
[BlackElo "2164"]

1.d4 f5 2.c4 Nf6 3.g3 g6 4.Bg2 Bg7 5.Nc3 O-O 6.Nh3 d6 7.d5 c5 8.O-O Nbd7 9.Rb1
Ne5 10.b3 Nh5 11.Qc2 h6 12.f4 Ng4 13.Nf2 Nhf6 14.Ncd1 a6 15.Bb2 Qe8 16.Nxg4
Nxg4 17.Bxg7 Kxg7 18.h3 Nf6 19.Nf2 b5 20.Rfe1 b4 21.Qb2 Kg8 22.Kh2 g5 23.fxg5
hxg5 24.e4 Qh5 25.e5 Ne4 26.Nxe4 fxe4 27.e6 g4 28.Rxe4 gxh3 29.Bxh3 Rf6
30.Rg4+ Kf8 31.Qe2 Qh6 32.Rf1 Rxf1 33.Qxf1+ Qf6 34.Rf4 {#r} 1-0

[Event "It (open)"]
[Site "masterchessopen.com - Burgos (Spain)"]
[Round "3"]
[White "Veingold Aleksandr (EST)"]
[Black "Guillen Lorenzana Xan (ESP)"]
[Result "1-0"]
[WhiteElo "2480"]
[BlackElo "2085"]

1.d4 f5 2.c4 Nf6 3.g3 g6 4.Nc3 Bg7 5.Bg2 O-O 6.Nh3 d6 7.Bg5 c6 8.Qd2 e5 9.d5
Re8 10.O-O c5 11.Rad1 Qe7 12.e4 Qf8 13.Bxf6 Qxf6 14.f4 Qe7 15.Ng5 exf4 16.gxf4
h6 17.Ne6 Bxe6 18.dxe6 Qxe6 19.exf5 Qf7 20.Bd5 {#r} 1-0

[Event "It (open)"]
[Site "masterchessopen.com - Coria del Rio (Spain)"]
[Round "6"]
[White "Suba Mihai (ROM)"]
[Black "Teran Alvarez Ismael (ESP)"]
[Result "1-0"]
[WhiteElo "2501"]
[BlackElo "2404"]

1.c4 f5 2.g3 Nf6 3.d4 g6 4.Nc3 Bg7 5.Bg2 O-O 6.Nh3 d6 7.d5 Nbd7 8.O-O Ne5
9.Qb3 Nfd7 10.Na4 Rb8 11.Ng5 Nf6 12.f4 Nf7 13.Be3 Nxg5 14.fxg5 Ng4 15.Qa3 Ra8
16.Bf2 Nxf2 17.Kxf2 e5 18.h4 h6 19.gxh6 Bxh6 20.Nc3 f4 21.Bf3 Bf5 22.Rh1 fxg3+
23.Kg2 Qe7 24.Be4 Bxe4+ 25.Nxe4 Bf4 26.Qd3 Rf5 27.e3 Bh6 28.Raf1 Raf8 29.Rxf5
Rxf5 {#r} 1-0

[Event "It (open)"]
[Site "masterchessopen.com - Hallstahammar (Sweden)"]
[Round "5"]
[White "Vernersson Per (SWE)"]
[Black "Nygren David (SWE)"]
[Result "1-0"]
[WhiteElo "2391"]
[BlackElo "2186"]

1.d4 f5 2.c4 Nf6 3.g3 d6 4.d5 e5 5.dxe6 Bxe6 6.Nc3 Nc6 7.Nd5 g6 8.Bg2 Bg7
9.Nh3 h6 10.Nhf4 Bf7 11.Nxf6+ Bxf6 12.Nd5 Bg7 13.O-O O-O 14.e4 fxe4 15.Bxe4
Re8 16.Qc2 Nd4 17.Qd3 c6 18.Nc3 Qf6 19.Bd2 Qe6 20.b3 Qg4 21.Rae1 d5 22.cxd5
cxd5 23.Bg2 Qh5 24.h3 Rac8 25.g4 Qh4 26.Nxd5 Kh8 27.Bc3 Ne6 28.Bxg7+ Kxg7
29.Qe3 h5 30.gxh5 gxh5 31.Qe5+ Kh6 32.Re4 Qg5 33.f4 Qg3 34.Qf6+ Bg6 35.Re3
{#r} 1-0

[Event "It (open)"]
[Site "masterchessopen.com - Rostock (Germany)"]
[Round "2"]
[White "Kliewe Hans-Juergen (GER)"]
[Black "Papenbrock Volker (GER)"]
[Result "1-0"]
[WhiteElo "2189"]
[BlackElo "2192"]

1.d4 f5 2.c4 Nf6 3.g3 g6 4.Bg2 Bg7 5.Nh3 O-O 6.O-O d6 7.d5 c6 8.Nc3 Bd7 9.c5
dxc5 10.Qb3 c4 11.Qxb7 Qb6 12.Qxa8 Na6 13.Na4 {#r} 1-0

[Event "Ch Giessen"]
[Site "masterchessopen.com - Giessen (Germany)"]
[Date "2002.01.15"]
[Round "5"]
[White "Legde Georg (GER)"]
[Black "Feicht Arno (GER)"]
[Result "1-0"]
[WhiteElo "2314"]
[BlackElo "2127"]

1.d4 f5 2.c4 Nf6 3.g3 g6 4.Bg2 Bg7 5.Nc3 d6 6.Nh3 O-O 7.Bg5 Nc6 8.Qd2 e6 9.O-O
Qe8 10.Rad1 Nd8 11.Nb5 Qd7 12.Qb4 a6 13.Qa5 b6 14.Qa3 Bb7 15.Bxb7 Nxb7 16.Nc3
Qc6 17.Nf4 Qxc4 18.Rc1 b5 19.Ncd5 Qxd4 20.Rfd1 Qa7 21.Ne7+ Kh8 22.Nxe6 Ng4
23.Qf3 Ne5 24.Qf4 c5 25.Nxg7 Kxg7 26.Rxd6 Nc4 27.Rd7 Kh8 28.Rxc4 {#r} 1-0

[Event "It (open)"]
[Site "masterchessopen.com - Bad Wiessee (Germany)"]
[Date "2002.10.26"]
[Round "1"]
[White "Doettling Gustav (GER)"]
[Black "Mainka Romuald (GER)"]
[Result "0-1"]
[WhiteElo "1991"]
[BlackElo "2432"]

1.d4 f5 2.c4 Nf6 3.g3 g6 4.Bg2 Bg7 5.Nd2 d6 6.d5 O-O 7.Nh3 Qe8 8.Rb1 a5 9.O-O
Na6 10.a3 a4 11.Qc2 Bd7 12.b3 axb3 13.Qxb3 Nc5 14.Qa2 b6 15.Nb3 Nfe4 16.Bxe4
Nxe4 17.Bb2 Nc3 18.Bxc3 Bxc3 19.Qc2 Bg7 20.Qc1 Ra4 21.Nd2 h6 22.Nf4 g5 23.Nd3
Qh5 24.e3 e5 25.dxe6 Bxe6 26.Nb4 Qf7 27.Rb3 b5 28.Rb1 bxc4 29.Nf3 Rfa8 30.Nc2
Bd5 31.Nfd4 Be4 32.f3 Bd3 33.Re1 c5 34.Nb5 Qd7 35.e4 fxe4 36.fxe4 c3 {#R} 0-1

[Event "It (open)"]
[Site "masterchessopen.com - Etang Sale (France)"]
[Round "3"]
[White "Lorans Sylvain (FRA)"]
[Black "Ane Regis (FRA)"]
[Result "1-0"]
[WhiteElo "2151"]
[BlackElo "1947"]

1.d4 f5 2.c4 Nf6 3.g3 g6 4.Bg2 Bg7 5.Nc3 O-O 6.Nh3 d6 7.d5 Nbd7 8.O-O Ne5 9.b3
a5 10.Qc2 Bd7 11.Nf4 Qc8 12.Bb2 c6 13.Nd3 Neg4 14.Rae1 e5 15.dxe6 Bxe6 16.e4
fxe4 17.Nxe4 Nxe4 18.Bxg7 Kxg7 19.Rxe4 Bf5 20.Qc3+ Nf6 21.Re7+ Rf7 22.Rfe1 Qf8
23.Rxf7+ Qxf7 24.Qd4 Qc7 25.Nf4 Kf7 26.Bh3 Ng4 27.Bxg4 Bxg4 28.Nxg6 hxg6
29.Qxg4 Qc8 30.Qh4 Qf8 31.Qh7+ Kf6 32.Re3 {#r} 1-0

[Event "It (open)"]
[Site "masterchessopen.com - Gent (Belgium)"]
[Round "2"]
[White "Sewambar Ashwin (TPE)"]
[Black "Wall Gavin (IRL)"]
[Result "0-1"]
[WhiteElo "2084"]
[BlackElo "2385"]

1.d4 f5 2.c4 Nf6 3.g3 g6 4.Bg2 Bg7 5.Nh3 Nc6 6.O-O O-O 7.Nc3 d6 8.d5 Ne5 9.b3
c6 10.Bb2 Rb8 11.Qd4 Qa5 12.Qh4 h6 13.Qd4 Ne4 14.b4 Qxb4 15.Qxa7 Qxb2 {#R} 0-1

[Event "It"]
[Site "masterchessopen.com - Olavarria (Argentina)"]
[Round "6"]
[White "Arambel Sergio (ARG)"]
[Black "Rodi Luis Ernesto (ARG)"]
[Result "1-0"]
[WhiteElo "2296"]
[BlackElo "2297"]

1.c4 f5 2.d4 Nf6 3.g3 g6 4.Bg2 Bg7 5.Nc3 d6 6.Nh3 O-O 7.d5 Nbd7 8.Nf4 Ne5
9.Qb3 c5 10.h4 a6 11.a4 b6 12.Bd2 Rb8 13.O-O Bd7 14.Rab1 Ne8 15.Qa2 b5 16.axb5
axb5 17.cxb5 Nc7 18.b4 c4 19.Rfc1 Nxb5 20.Nxb5 Bxb5 21.Ne6 Ra8 22.Qc2 Qc8
23.Nxg7 Kxg7 24.Qc3 Kg8 25.Ra1 Ng4 26.Qd4 Qd7 27.Bh3 Nf6 28.Bc3 Rxa1 29.Rxa1
e5 30.dxe6 Qxe6 31.Bg2 d5 32.Ra5 Qc6 33.Qe5 Qd7 34.Rxb5 Qxb5 35.Qe6+ Rf7
36.Bxf6 {#r} 1-0

[Event "It (open)"]
[Site "masterchessopen.com - Schwarzach (Austria)"]
[Round "9"]
[White "Donchenko Anatoly G (GER)"]
[Black "Dubkov Andrej (GER)"]
[Result "0-1"]
[WhiteElo "2418"]
[BlackElo "2319"]

1.c4 f5 2.d4 Nf6 3.g3 g6 4.Bg2 Bg7 5.Nc3 O-O 6.Nh3 d6 7.d5 Na6 8.Rb1 e5 9.dxe6
Nc5 10.O-O Nxe6 11.Nf4 c6 12.b3 Nxf4 13.Bxf4 Nh5 14.Bd2 f4 15.Rc1 Qe7 16.e3
fxg3 17.hxg3 Nf6 18.e4 Ng4 19.Qe2 Qe5 20.Be3 Qh5 21.Rfd1 Qh2+ 22.Kf1 Qxg3 {#R}
0-1

[Event "It (a)"]
[Site "masterchessopen.com - Serpukhov (Russia)"]
[Round "10"]
[White "Evdokimov Alexander A (RUS)"]
[Black "Kim Alexey (KOR)"]
[Result "1-0"]
[WhiteElo "2455"]
[BlackElo "2443"]

{ Evdokimov Alexander A (RUS) +0 =0 -1 } 1.d4 f5 2.c4 Nf6 3.g3 g6 4.Bg2 Bg7
5.Nh3 ( 5.Nc3 d6 6.d5 O-O 7.Nh3 c5 8.O-O Na6 9.Nf4 Nc7 10.Qc2 Rb8 11.a4 a6
12.a5 e5 13.dxe6 Nxe6 14.Ncd5 Nd4 15.Qd1 g5 16.Nxf6+ Bxf6 17.Nd5 Bg7 18.Bd2
Be6 19.e3 Nc6 20.Qc2 Ne7 21.e4 Nc6 22.exf5 Bxf5 23.Qc1 h6 24.Ra3 Re8 { ...0-1,
Evdokimov Alexander A 2367 - Tsyvarev Andrei 2162 , Rybinsk 2001 Ch Russia
(juniors) (under 18) } ) 5...O-O 6.O-O d6 7.d5 Nbd7 8.Nc3 Ne5 9.b3 { ? }
9...a6 { +0.52 CAP } ( 9...c5 10.Bd2 a6 11.a4 b6 12.Qc1 Rb8 13.Nf4 Ne8 14.e4
Nc7 15.exf5 Bxf5 16.Ne4 h6 17.Bc3 Qe8 18.h4 Qf7 19.Ra2 b5 20.axb5 axb5 21.Ra7
Rfc8 22.Ba5 Ne8 23.Ne6 Bxe6 24.dxe6 Qf8 25.Nc3 b4 26.Nd5 Nc6 27.Ra6 Ra8
28.Rxa8 Rxa8 29.Bb6 { ...1-0, Ionov Sergey 2530 - Malaniuk Vladimir P 2610 ,
St. Petersburg 1994 Memorial A.Petrov } ) 10.Qc2 { N } ( 10.Bb2 Rb8 11.Rc1 (
11.Qc2 c5 12.dxc6 bxc6 13.Rad1 Qc7 14.Rfe1 Nf7 15.e4 fxe4 16.Nxe4 Bf5 17.Nxf6+
Bxf6 18.Qe2 Bxb2 19.Qxb2 e5 20.Qd2 Rbd8 21.Ng5 Bg4 22.Rc1 Rde8 23.Ne4 Qe7
24.Nc3 Ng5 25.Ne4 Nxe4 26.Rxe4 Bf3 27.Re3 Bxg2 28.Kxg2 Qf6 29.Rcc3 e4 {
...1/2-1/2, Andersen Daniel 2260 - Holstein Erik 2085 , Copenhagen 1991 It
(open) } ) ( 11.a4 Bd7 12.Nf4 Qe8 13.Qc2 g5 14.Ne6 Bxe6 15.dxe6 f4 16.Nd5 Nxd5
17.cxd5 c5 18.dxc6 Nxc6 19.Bxg7 Kxg7 20.Rac1 Rf6 21.Qb2 Kg8 22.Rfd1 Qh5
23.gxf4 gxf4 24.Bf3 Qh4 25.Kh1 Kh8 26.Rg1 Qxf2 27.Qc3 Qd4 28.Qc4 Qxc4 29.Rxc4
a5 { ...0-1, Carlsson Goran - Winge Stefan 2285 , Sweden 1994 Ch Sweden (team)
} ) 11...c5 12.dxc6 bxc6 13.Qc2 h6 14.Na4 Qc7 15.f3 Nf7 16.Nf2 e5 17.e4 c5
18.exf5 gxf5 19.Nc3 h5 20.Rcd1 h4 21.Bc1 Kh8 22.Bh3 hxg3 23.hxg3 Nh5 24.Kg2
Nh6 25.Rh1 Qe7 26.Qd3 e4 27.fxe4 fxe4 28.Nfxe4 Qf7 29.Bxc8 Rbxc8 { ...1-0,
Bakalar Petr 2325 - Ruckschloss Karol 2240 , Marianske Lazne 1989 It (open)
"CKM" } ) 10...Qe8 11.a4 Bd7 12.Bb2 h6 13.Rac1 Rb8 14.e3 c5 15.Nf4 g5 16.Ne6
Bxe6 17.dxe6 Qh5 18.f4 { ? } ( { ? } 18.Qd1 Qxd1 19.Rfxd1 Nc6 20.Rb1 { } )
18...gxf4 { ? } ( { ? } 18...Nfg4 19.Bf3 Nxf3+ 20.Rxf3 Nxh2 { } ) 19.Rxf4 Nh7
{ ? } ( { ? } 19...Nfg4 20.Bh1 Ng6 21.Rf3 N6e5 { } ) 20.Nd5 Rbe8 21.Rcf1 Nf6 {
?! } ( 21...Ng5 { !? } 22.Bxe5 dxe5 23.Rxf5 Rxf5 { } ) 22.Rxf5 Qg6 23.Bxe5
dxe5 24.Be4 { } {#r} 1-0

[Event "Oberliga East B 2002/03"]
[Site "masterchessopen.com - Germany"]
[Date "2003.02.08"]
[Round "6"]
[White "Solonar Stefan (GER)"]
[Black "Lutz Klaus-Juergen (GER)"]
[Result "0-1"]
[WhiteElo "2390"]
[BlackElo "2293"]

1.c4 f5 2.d4 Nf6 3.g3 g6 4.b4 Bg7 5.Bb2 d6 6.Nf3 e5 7.dxe5 Nfd7 8.Nd4 Nxe5
9.Qb3 Qe7 10.Bg2 Nbc6 11.Nxc6 Nxc6 12.Nc3 Nd4 13.Qd1 Be6 14.O-O Bxc4 15.Re1 c6
16.e4 f4 17.Nd5 cxd5 18.Bxd4 O-O 19.exd5 Qf7 20.Rc1 b5 21.Bh3 Bxd5 22.Bxg7
fxg3 23.f3 gxh2+ 24.Kxh2 Qf4+ 25.Kg1 Qg5+ 26.Kh2 Qf4+ 27.Kg1 Bxf3 28.Qb3+ Kxg7
29.Qb2+ Kh6 30.Qf2 Qg5+ 31.Kh2 Bd5 32.Qd4 Rf4 33.Qd2 Raf8 34.Re2 R4f6 35.Rc2
Qxd2 36.Rcxd2 Bc4 {#R} 0-1

[Event "It (open)"]
[Site "masterchessopen.com - Crema (Italy)"]
[Date "2003.09.07"]
[Round "5"]
[White "Dallaglio Giovanni (ITA)"]
[Black "Murgia Andrea (ITA)"]
[Result "0-1"]
[WhiteElo "2051"]
[BlackElo "2099"]

1.d4 f5 2.c4 Nf6 3.g3 g6 4.Bg2 Bg7 5.Nc3 d6 6.d5 O-O 7.Nh3 Na6 8.Nf4 Nc5 9.O-O
e5 10.dxe6 c6 11.Rb1 Nxe6 12.Nxe6 Bxe6 13.Qd3 Ng4 14.f4 Qb6+ 15.e3 Qb4 16.Rd1
Bxc4 17.Qc2 Rfe8 18.Re1 Bd4 19.Bd2 Bxe3+ 20.Bxe3 Nxe3 21.Qd2 Nxg2 22.Kxg2 Bxa2
23.Ra1 Bd5+ 24.Kh3 Bf3 25.Rxa7 d5 26.Re3 Qf8 27.Rxe8 Rxe8 28.g4 fxg4+ 29.Kg3
Qh6 30.h4 gxh3 31.Rxb7 Qh5 32.Rc7 Qg4+ 33.Kh2 Re2+ {#R} 0-1

[Event "Ch Belgium (team) (2) 2003/04"]
[Site "masterchessopen.com - Belgium"]
[Date "2003.11.02"]
[Round "3"]
[White "Ait Messaoud Aziz (BEL)"]
[Black "Noseda Jean-Michel (BEL)"]
[Result "1-0"]
[WhiteElo "2136"]
[BlackElo "2005"]

1.d4 f5 2.c4 Nf6 3.g3 g6 4.Bg2 Bg7 5.Nh3 O-O 6.Nc3 d6 7.d5 Nbd7 8.Nf4 Nc5
9.O-O e5 10.dxe6 c6 11.Rb1 Qe7 12.b4 Nxe6 13.b5 Bd7 14.bxc6 bxc6 15.Ba3 Ne8
16.Nxe6 Qxe6 17.Nd5 Kh8 18.Rb7 g5 19.Qa4 Rd8 20.Nc7 Qxe2 21.Qxa7 Bc8 22.Nxe8
Bxb7 23.Nxg7 Rd7 24.Bxd6 Kxg7 25.Bxf8+ Kxf8 26.Qc5+ Ke8 27.Qxf5 Qxc4 28.Re1+
Re7 29.Rxe7+ Kxe7 30.Qxg5+ {#r} 1-0

[Event "Oberliga East B 2004/05"]
[Site "masterchessopen.com - Germany"]
[Date "2004.10.10"]
[Round "1"]
[White "Umpfenbach Caroline (GER)"]
[Black "Schmidt Lothar (GER)"]
[Result "1-0"]
[WhiteElo "2137"]
[BlackElo "2137"]

1.d4 f5 2.c4 Nf6 3.g3 g6 4.b3 Bg7 5.Bb2 c6 6.Nd2 Na6 7.Bg2 O-O 8.Ngf3 d6 9.O-O
h6 10.Ne1 Qc7 11.Nd3 Re8 12.d5 e5 13.dxe6 Bxe6 14.Rc1 Rad8 15.Qc2 Bf7 16.Rfe1
Ne4 17.Bxg7 Kxg7 18.Qb2+ Kh7 19.b4 Qe7 20.Nb3 c5 21.bxc5 dxc5 22.Qa3 Nb4
23.Qb2 b6 24.a3 Nc6 25.Nd2 Nxd2 26.Bxc6 Nxc4 27.Qc3 Rf8 28.Rcd1 Na5 29.Bg2
Rfe8 30.e4 fxe4 31.Bxe4 Qf8 32.Ne5 Rxd1 33.Rxd1 Qg7 34.f4 Re7 35.Rd6 {#r} 1-0

[Event "Olympiad"]
[Site "masterchessopen.com - Calvia (Spain)"]
[Date "2004.10.29"]
[Round "14"]
[White "Purnama Tirta Chandra (INA)"]
[Black "Khouseinov Rashid (TJK)"]
[Result "0-1"]
[WhiteElo "2286"]
[BlackElo "2343"]

1.d4 f5 2.c4 Nf6 3.g3 g6 4.Bg2 Bg7 5.Nc3 O-O 6.Nh3 c6 7.Nf4 e6 8.e4 fxe4
9.Nxe4 Nxe4 10.Bxe4 d5 11.Bc2 dxc4 12.Qe2 Bxd4 13.O-O e5 14.Qxc4+ Kg7 15.Ne2
b5 16.Qb4 Bb6 17.Qc3 Qf6 18.Be3 Bh3 19.Rfe1 b4 20.Qb3 Qf3 21.Nf4 Rxf4 22.Be4
Qxe4 {#R} 0-1

[Event "It (open)"]
[Site "masterchessopen.com - Linares (Spain)"]
[Date "2005.02.26"]
[Round "2"]
[White "Ortega Morales Pedro (ESP)"]
[Black "Prieto Velasco Rafael (ESP)"]
[Result "0-1"]
[WhiteElo "1965"]
[BlackElo "1762"]

1.d4 f5 2.g3 Nf6 3.c4 g6 4.Bg2 Bg7 5.Nc3 O-O 6.Nh3 d6 7.d5 e5 8.dxe6 c6 9.Ng5
Nh5 10.Qd3 Qe7 11.Bf3 f4 12.h4 Bxe6 13.Bxh5 Bf5 14.Qf3 gxh5 15.Bxf4 h6 16.Nh3
Bg4 17.Qd3 Qe6 18.Ng1 Na6 19.f3 Bf5 20.e4 Nc5 21.Qc2 Bg6 22.O-O-O Rfd8 23.Nge2
Be5 24.Bxh6 Rd7 25.Nf4 Bxf4+ 26.Bxf4 b5 27.cxb5 cxb5 28.Kb1 b4 29.Nd5 Nxe4
{#R} 0-1

[Event "It (open)"]
[Site "masterchessopen.com - Ostrava (Czech Republic)"]
[Date "2005.05.05"]
[Round "6"]
[White "Sladek Vladislav (CZE)"]
[Black "Bures Martin (CZE)"]
[Result "0-1"]
[WhiteElo "2026"]
[BlackElo "2190"]

1.c4 f5 2.d4 Nf6 3.g3 g6 4.Bg2 Bg7 5.Nc3 O-O 6.Nh3 d6 7.O-O c6 8.Qb3 e5 9.c5+
d5 10.dxe5 Nfd7 11.Bxd5+ cxd5 12.Qxd5+ Kh8 13.e6 Nf6 14.Qxd8 Rxd8 15.Ng5 Kg8
16.Bf4 Na6 17.Rfd1 Re8 18.Nb5 h6 19.Nd6 Re7 20.Ngf7 Bxe6 21.Ne5 g5 22.Be3 Ng4
23.Nxg4 fxg4 24.Rab1 Nb4 25.a3 Nc2 26.Rd2 Nxe3 27.fxe3 Bb3 28.e4 Rc7 29.Nf5
Re8 30.Rd6 Rxe4 31.Rf1 Re6 32.Rd8+ Kh7 33.e3 Rf7 34.Rc1 Rxf5 {#R} 0-1

[Event "It (open) (b)"]
[Site "masterchessopen.com - Ditzingen (Germany)"]
[Date "2005.05.06"]
[Round "4"]
[White "Rudhart Michael (GER)"]
[Black "Volk Werner (GER)"]
[Result "1-0"]
[WhiteElo "1890"]
[BlackElo "1998"]

1.c4 f5 2.d4 Nf6 3.g3 d5 4.cxd5 Qxd5 5.Nf3 c6 6.Nc3 Qd8 7.Bg2 g6 8.O-O Bg7
9.Re1 O-O 10.e3 Nbd7 11.Ng5 Nb6 12.Qb3+ Nfd5 13.a4 h6 14.a5 hxg5 15.axb6 e6
16.bxa7 Qb6 17.Bxd5 Qxb3 18.Bxb3 b5 19.Bd2 Rf7 20.e4 Bxd4 21.exf5 Rfxa7
22.Rxa7 Rxa7 23.fxe6 Kf8 24.Bxg5 Bc5 25.Bc2 {#r} 1-0

[Event "Ch Costa Rica (qualification)"]
[Site "masterchessopen.com - San Jose (Costa Rica)"]
[Date "2005.06.11"]
[Round "1"]
[White "Bermudez Alexander (CRC)"]
[Black "Centeno Erick (CRC)"]
[Result "0-1"]
[WhiteElo "1999"]
[BlackElo "2004"]

1.d4 f5 2.c4 Nf6 3.g3 g6 4.Bg2 Bg7 5.Nh3 d6 6.Nc3 O-O 7.d5 c6 8.O-O e5 9.dxe6
Bxe6 10.Qd3 Nbd7 11.Qxd6 Bxc4 12.Qb4 Nb6 13.Rd1 Nfd7 14.Bg5 a5 15.Qd6 Qb8
16.Qd2 Re8 17.Re1 Nc5 18.b3 Qe5 19.Rac1 Ba6 20.Bf3 a4 21.Bf4 Qd4 22.Qb2 axb3
23.axb3 Qb4 24.Bd6 Qxb3 25.Qd2 Nc4 {#R} 0-1

[Event "Tournament"]
[Site "masterchessopen.com - Polko (Poland)"]
[Date "2005.06.27"]
[Round "5"]
[White "Tarkowski Michal (POL)"]
[Black "Kukula Pawel (POL)"]
[Result "0-1"]
[WhiteElo "1971"]
[BlackElo "2209"]

1.d4 f5 2.c4 Nf6 3.g3 g6 4.Bg2 Bg7 5.Nh3 O-O 6.O-O c6 7.Nd2 d6 8.d5 h6 9.Nf4
g5 10.Nd3 e5 11.dxe6 Bxe6 12.Rb1 Qe8 13.b3 Qh5 14.f4 Ng4 15.Nf3 Bd4+ 16.e3
Nxe3 17.Bxe3 Bxe3+ 18.Nf2 gxf4 19.Qxd6 Re8 20.gxf4 Nd7 21.Rbe1 Bc5 22.Qc7 Nf6
23.Qxb7 Ne4 24.b4 Rab8 25.Qxc6 Rb6 26.Qc7 Rxb4 27.Ng5 Bxf2+ 28.Rxf2 Nxf2
29.Kxf2 Qh4+ 30.Kf1 Bxc4+ 31.Qxc4+ Rxc4 32.Bd5+ Kg7 {#R} 0-1

[Event "It (open)"]
[Site "masterchessopen.com - Castelldefels (Spain)"]
[Date "2005.08.19"]
[Round "3"]
[White "Purnama Tirta Chandra (INA)"]
[Black "Reyes Lopez Daniel (ESP)"]
[Result "1-0"]
[WhiteElo "2352"]
[BlackElo "2072"]

1.d4 f5 2.c4 Nf6 3.g3 g6 4.Bg2 Bg7 5.Nh3 O-O 6.O-O d6 7.d5 Bd7 8.Nd2 Na6 9.Rb1
c6 10.Nf4 Nc7 11.Nf3 Qe8 12.h4 Rb8 13.Nd4 c5 14.Nde6 Bxe6 15.dxe6 b5 16.Bd2
Ne4 17.Ba5 Na8 18.Bxe4 fxe4 19.Nd5 bxc4 20.Qc2 Nb6 21.Bxb6 axb6 22.Qxc4 Rf5
23.Qxe4 Re5 24.Qd3 g5 25.hxg5 Rxg5 26.Kg2 Qc6 27.e4 Qc8 28.f4 Rg6 29.f5 Rg5
30.Rf3 Ra8 31.Nxb6 Qa6 32.Nxa8 Qxa8 {#r} 1-0